Vo vydavateľstve Slovenský spisovateľ.../inc/

Bibliographic Details
Main Authors: Fuchs, Juraj (Author), Glocko, Peter, 1946-2019 (Author)
Format: Article
Language:Slovak
PhysicalDescription:Fot. 1.
Subjects:

MARC

LEADER 00000nab a2200000 a 4500
001 vtls000199541
003 SK-MaSNL
005 20260304024853.0
008 160215c1984 xo 0 slo
015 |a SNBRB19rr/mm-uuuuu 
035 |a CL0209654 
040 |a SNKBUCL  |b slo  |c SNKBUCL  |e AACR2 
041 0 |a slo 
044 |a xo  |c SK 
080 |a 82:929:885.4  |2 1981 
080 |a 929  |2 1981 
080 |a 885.4  |2 1981 
100 1 |a Fuchs, Juraj  |4 aut  |9 5052 
245 1 0 |a Vo vydavateľstve Slovenský spisovateľ.../inc/  |c Juraj Fuchs, Peter Glocko 
300 |b Fot. 1. 
500 |a V rubrike Kniha a tvorca 
600 1 7 |a Glocko, Peter,  |d 1946-2019  |t Srdcový kráľ  |2 snkbucl  |9 934767 
650 0 7 |a slovenské poviedky  |2 snkbucl  |9 111049 
650 0 7 |a lyrické poviedky  |2 snkbucl  |9 921532 
655 7 |a články z novín a časopisov  |2 snkbucl  |9 267496 
655 7 |a články z odboru literárna veda a krásna literatúra  |2 snkbucl  |9 770045 
700 1 |a Glocko, Peter,  |d 1946-2019  |4 aut  |9 89196 
773 0 |t Ľud  |g Roč. 37, č. 257 (30. 10. 1984), s. 5 
850 |a Slovenská národná knižnica v Martine  |a MTA001 
852 |a SNK  |b KIS3GCP 
958 |a BX 
958 |a RK 
958 |a LX 
992 |a RBX 
999 |c 2624021  |d 2625951